000 00564nam a2200181Ia 4500
008 090124s9999 xx 000 0 und d
082 _b116442
100 _aनाडकर्णी सुरेश.
245 _a बंडू वयांत येतो
250 _a1
260 _c1975
300 _a100
600 _aनाडकर्णी सुरेश.
630 _a बंडू वयांत येतो
700 _aनाडकर्णी सुरेश.
730 _a बंडू वयांत येतो
942 _cBOOK
999 _c162533
_d162533